Quelques caméos du cinéma français... (2) - Statistiques

Statistiques générales
  • Ce quiz a été pris 22 fois
  • Le résultat moyen est 9 sur 27
Statistiques - réponses
Année Film Rôle Lien avec le film % Correct
1995 La Haine Skinhead Réalisateur Mathieu {Kassovitz}
84%
1996 Un air de famille Le père Réalisateur Cédric {Klapisch}
74%
2012 Holy motors Un accordéoniste Aucun {Bertrand} Cantat
68%
1994 La cité de la peur Misou-Misou Aucun / Posthume Bruno {Carette}
63%
1995 Les Anges gardiens Photographe Réalisateur Jean-Marie {Poiré}
63%
2003 Laisse tes mains sur mes hanches Lui-même A chanté "Mes mains sur tes hanches" Salvatore {Adamo}
63%
1958 Ni vu... Ni connu... Photographe Réalisateur Yves {Robert}
63%
1976 L'Aile ou la Cuisse Lui-même / Anime une émission de débat Aucun Philippe {Bouvard}
53%
2007 99 francs Malade mental Réalisateur Jan {Kounen}
47%
2014 Samba Serveur Réalisateur Olivier {Nakache}
47%
1983 Attention ! Une femme peut en cacher une autre Médecin Réalisateur Georges {Lautner}
42%
2014 Samba Moniteur d'équitation Réalisateur Eric {Toledano}
37%
2009 LOL Psychologue Réalisatrice Lisa {Azuelos}
37%
1970 Elle boit pas, elle fume pas, elle drague pas, mais... elle cause ! Preneur de son Réalisateur Michel {Audiard}
37%
1994 La cité de la peur Lui-même, il est pris pour une femme Aucun {Dave}
26%
2015 La rançon de la gloire Monsieur Loyal Réalisateur Xavier {Beauvois}
26%
2010 Le nom des gens Lui-même Aucun Lionel {Jospin}
21%
1997 Les Palmes de monsieur Schutz Lui-même Prix Nobel Pierre-Gilles {de Gennes}
21%
2004 Hotel Rwanda Le président de Sabena Airlines Aucun Jean {Reno}
16%
2006 Poltergay Lui-même Aucun {Dave}
11%
1997 Les Palmes de monsieur Schutz Lui-même Prix Nobel Georges {Charpak}
11%
1967 Un idiot à Paris Serveur / Ministre Réalisateur Serge {Korber}
11%
2003 Jeux d'enfants Médecin Producteur Christophe {Rossignon}
5%
2006 Je vais bien, ne t'en fais pas Professeur Producteur Christophe {Rossignon}
5%
2014 Pas son genre Participant d'une soirée Auteur du roman Philippe {Vilain}
5%
1969 L'armée des ombres Lui-même Colonel Passy à Londres André {Dewavrin}
0%
1977 Le Crabe-Tambour Le procureur Le "vrai" Crabe-tambour Pierre {Guillaume}
0%
Aucun quiz correspondant
Distribution des résultats
% des personnes avec chaque résultat
Percentile par nombre de réponses
Votre historique - résultats
Vous n’avez pas pris ce quiz